Spätaussiedler

Titel: Spätaussiedler : Struktur, Situation u. Eingliederungsprobleme ; Bestandsaufnahme u. Empfehlungen ; Forschungsbericht d. GEWOS e.V., Hamburg / Projektleitung: A. Schildmeier. Bearb.: U. Schwinges
Beteiligt:
Körperschaft:
Veröffentlicht: Hamburg : Hammonia-Verlag, 1976
Umfang: XXII, 127 S. : 2 Kt. ; 23 cm
Format: Buch
Sprache: Deutsch
Schriftenreihe/
mehrbändiges Werk:
GEWOS-Schriftenreihe. N.F. ; 18
Schlagworte:
Kein Bild verfügbar
X
Lokale Klassifikation: 3 3 H
alg: 7929056
001A    $06000:23-07-99 
001B    $01999:12-05-23 $t22:35:28.000 
001D    $09999:99-99-99 
001U    $0utf8 
001X    $00 
002@    $0Aaxaf 
003@    $0079290566 
003O    $0613922126 $aOCoLC 
004A    $fkart. : DM 15.00 
006G    $0760173656 
006U    $076,A23,0211 
007A    $0760173656 $aDNB 
007S    $00969000038510 
007T    $0Herdhh079290566 
010@    $ager 
011@    $a1976 $n1976 
021A    $aSpätaussiedler $dStruktur, Situation u. Eingliederungsprobleme ; Bestandsaufnahme u. Empfehlungen ; Forschungsbericht d. GEWOS e.V., Hamburg $hProjektleitung: A. Schildmeier. Bearb.: U. Schwinges 
028C    $BBearb. $7108389014 $8Schildmeier, Angelika$Z1944- [Tp1] $914316466X 
029F    $RDeutscher Verband für Wohnungswesen, Städtebau und Raumordnung $#GEWOS $#GEWOS, Gesellschaft für Wohnungs- und Siedlungswesen e.V., Hamburg $72012339-5 $8Gesellschaft für Wohnungs- und Siedlungswesen [Tb1] $9042676118 
033A    $pHamburg $nHammonia-Verlag 
034D    $aXXII, 127 S. 
034I    $a23 cm 
034M    $a2 Kt. 
036E    $aGEWOS-Schriftenreihe. N.F. $l18 
037A    $aLiteraturverz. S. 120 - 125. 
044F    $aAussiedler 
044F    $aGesellschaftliche Integration 
045E    $b05b 
045F    $a306.0943 $eDDC23BSB 
045F/01 $a306.09 
045F/03 $g43 

lok: 7929056 3

exp: 7929056 3 1 #EPN
201B/01 $008-05-11 $t07:51:22.000 
201U/01 $0utf8 
203@/01 $0619472227 
206W/01 $0UB1-t3000002 
208@/01 $a01-01-11 $brAa 
209A/01 $a10.980.91 $du $f000 $x00 
209B/01 $aStUB-Retro $x05 
209G/01 $a10980917 $x00 
209U/01 $qimage/gif $A2 $3Katalogkarte der UB Frankfurt $uhttp://resolver.hebis.de/retro/t3000002 $mV:DE-603;B:DE-30 
247C/01 $8601000-3 <30>Frankfurt, Universitätsbibliothek J. C. Senckenberg, Zentralbibliothek (ZB) $9102598258 

lok: 7929056 24
101B    $016-07-08 $t10:38:43.000 
101C    $016-07-08 
101U    $0utf8 
145Z/01 $a3 3 H 

exp: 7929056 24 1 #EPN
201B/01 $016-07-08 $t10:38:43.000 
201C/01 $016-07-08 
201U/01 $0utf8 
203@/01 $054678643X 
208@/01 $a16-07-08 $br 
209A/01 $a3 III H 119 $du $f050 $h3 3 H 119 $x00 
209C/01 $aK 78.3588 $h78 3588 K 
209G/01 $a72206630 $x00 
220C/01 $ash 
247C/01 $8358050-7 Marburg, Bibliothek des Herder-Instituts Marburg $9102600961 

lok: 7929056 78

exp: 7929056 78 1 #EPN
201B/01 $019-04-17 $t18:33:43.000 
201U/01 $0utf8 
203@/01 $0793310350 
208@/01 $a12-11-16 $be 
209A/01 $a/ $f000 $x00 
220C/01 $aAnmerkung: *ng 
237A/01 $aweiterführende Signatur(en): Herder-Institut: 3 III H 119 
245Z/01 $a08.03 $x01 
247C/01 $82080>Marburg/Lahn, Herder-Institut, Forschungsbibliothek, Bibliographieportal $9336309341
LEADER 00000cam a22000002c 4500
001 079290566
003 DE-603
005 20230512223528.0
007 tu
008 990723s1976 xx |||| | u00||u|ger
015 |a 76,A23,0211  |2 dnb 
016 7 |2 DE-101  |a 760173656 
035 |a (DE-599)DNB760173656 
035 |a (OCoLC)613922126 
040 |a DE-603  |b ger  |c DE-603  |d DE-603 
041 |a ger 
082 0 4 |8 1\u  |a 306.0943  |q DE-101  |2 23/BSB 
084 |a 05b  |q DE-101  |2 sdnb 
085 |8 1\u  |b 306.09 
085 |8 1\u  |z 2  |s 43 
245 0 0 |a Spätaussiedler  |b Struktur, Situation u. Eingliederungsprobleme ; Bestandsaufnahme u. Empfehlungen ; Forschungsbericht d. GEWOS e.V., Hamburg  |c Projektleitung: A. Schildmeier. Bearb.: U. Schwinges 
264 1 |a Hamburg  |b Hammonia-Verlag  |c 1976 
300 |a XXII, 127 S.  |b 2 Kt.  |c 23 cm 
490 0 |a GEWOS-Schriftenreihe. N.F.  |v 18 
500 |a Literaturverz. S. 120 - 125. 
650 7 |a Aussiedler  |2 local 
650 7 |a Gesellschaftliche Integration  |2 local 
700 1 |a Schildmeier, Angelika  |d 1944-  |e Bearb.  |4 edt  |0 (DE-603)14316466X  |0 (DE-588)108389014  |2 gnd 
710 2 |a Gesellschaft für Wohnungs- und Siedlungswesen  |0 (DE-603)042676118  |0 (DE-588)2012339-5  |2 gnd 
924 0 |9 30  |a (DE-603)619472227  |b DE-30  |c HES  |d c  |g 10.980.91 
924 0 |9 Mb 50  |a (DE-603)54678643X  |b DE-Mb50  |c HES  |d c  |g 3 III H 119 
924 0 |9 2080  |a (DE-603)793310350  |b DE-2080  |c HES  |d d  |g /